00562nam a22001697a 450000500170000001000150001702000260003203500140005803700130007208200160008510000180010124500780011926000440019727000990024130000320034050000200037220170623162109.0 aENG-118883 a9789384052188c599.00 aEN-102415 bDBAD/PUB a363.3250681 aChadha, Vivek aLife blood of terrorism :cby Vivek Chadhabcountering terrorism finace / aNew DelhibBloomsbury Publishing c2015 aVishurut Building, DDA Complex, Building No.3 Pocket C-6 & 7, Vasant Kunj bNew Delhie110070 axiv,258p.:c24cm(Hb)bmaps. aIncludes index